000 00704cam a2200229 a 4500
001 000007883
005 20200929154333.0
008 940628s1992 sp 001 1 spa
020 _a8476583729
040 _aDO-SdBNP
_bspa
_cLC
_dBNPHU
082 _a863.64
_bJ61m
100 1 _aJiménez Lozano, José.
_921662
245 1 3 _aEl mudejarillo /
_cJosé Jiménez Lozano.
260 _aBarcelona :
_bAnthropos ;
_bDel Hombre,
_c1992.
300 _a174 p. ;
_c21 cm.
490 1 _aÁmbitos Literarios
490 1 _aNarrativa
_v39
650 4 _aNovela española
_91123
650 4 _aLiteratura española
_9632
830 0 _aÁmbitos Literarios
_pNarrativa ;
_v39
_921663
910 _aCatalogación por copia / LC
999 _c7661
_d7661